000 00814nam a2200229 a 4500
999 _c10655
_d10655
001 10655
003 BD-JhCC
005 20200807134007.0
008 180804s20171993bg |||| |||| 00| 0 ben d
020 _a9847007400188
035 _a(BD-JhCC)10655
040 _aBD-JhCC
_dBD-JhCC
041 _aben
082 _a341.2
_bMIA 2017
100 _aমিয়া, মোহাম্মদ ফিরোজ
245 _aভবিষ্য তহবিল, কল্যাণ তহবিল, যৌথবীমা আইন ও বিধি /
_cমোহাম্মদ ফিরোজ মিয়া,
250 _a10th ed.
260 _aঢাকা :
_bরোদ্দুর,
_c২০১৭
300 _a২০০ পৃ. :
_c২১ সেমি.
650 _aGovernment Servant Law
942 _2ddc
_cBK
_01